Normal view
MARC view
- Pakistan.
Entry Corporate Name
001 - CONTROL NUMBER
- control field: 100937
003 - CONTROL NUMBER IDENTIFIER
- control field: NUST
005 - DATE AND TIME OF LATEST TRANSACTION
- control field: 20221020105137.0
008 - FIXED-LENGTH DATA ELEMENTS
- fixed length control field: 221020|| aca||aabn | a|a d
040 ## - CATALOGING SOURCE
- Original cataloging agency: NUST
- Transcribing agency: NUST
110 ## - HEADING--CORPORATE NAME
- Corporate name or jurisdiction name as entry element: Pakistan.
- Subordinate unit: University Grants Commission
670 ## - SOURCE DATA FOUND
- Source citation: Work cat.: (NUST)193439: editors, Anwar ul Haq, Nazeer Ahmad, A.Q. Khan; organisers, Dr. A. Q. Khan Research Laboratories, Kahuta, Pakistan Institute of Metallurgical Engineers. 100935, Advanced materials :, 1990.
